000 01257nam a2200337 i 4500
003 EG-GICUC
005 20260126144301.0
008 260126s2004 fr ||||fr|||| 001 0 fre d
020 _a2275024980
040 _aEG-GiCUC
_bfre
_cEG-GiCUC
_dEG-GiCUC
_eRda
041 0 _afre
082 0 4 _221
_a341.851
_bNA . A
092 0 4 _221
099 _aLaw1 12 341.851 NA . A 2004
100 1 _aNajjar, Nathalie
_eAuteur
245 1 0 _aL'arbitrage Dans Les Pays Arabes Face Aux Exigences Du Commerce International /
_cNathalie Najjar; Préface De Emmanuel Gaillard.
264 1 _aParis :
_bL.G.D.J,
_c2004.
300 _a618 page,
_c 22cm.
336 _2rda contenu
_a texte
337 _2rda medias
_aOrdinateur
338 _2 transporteur rda
_a Ressource en ligne
490 _aBibliothèque De Droit Privé
_vTome 422
500 _aPrix De Thèse De L'université Panthéon-assas (Paris Ii) Décemée Par L'association Française De L'arbitrage (
504 _acomprend des références bibliographiques und index.
546 _aTexte en français
650 1 4 _aDroit international privé
700 1 _aGaillard, Emmanuel
_ePréfacier
856 4 0 _uhttps://fll.law.cu.edu.eg/fulltext/bks/B12-02104.pdf
905 _a48
942 _2ddc
_cBK
_e21
_n0
999 _c59476
_d59476